Sober mercies : (Record no. 649)

MARC details
000 -LEADER
fixed length control field 01574cam a22003498a 4500
005 - DATE AND TIME OF LATEST TRANSACTION
control field 20260322212028.0
008 - FIXED-LENGTH DATA ELEMENTS--GENERAL INFORMATION
fixed length control field data
010 ## - LIBRARY OF CONGRESS CONTROL NUMBER
LC control number 2012033554
020 ## - INTERNATIONAL STANDARD BOOK NUMBER
International Standard Book Number 9781455527748
020 ## - INTERNATIONAL STANDARD BOOK NUMBER
International Standard Book Number 9781455527755 (pbk.)
020 ## - INTERNATIONAL STANDARD BOOK NUMBER
International Standard Book Number 9781455527731 (ebook)
020 ## - INTERNATIONAL STANDARD BOOK NUMBER
International Standard Book Number 1455527742
040 ## - CATALOGING SOURCE
Original cataloging agency DLC
Transcribing agency DLC
042 ## - AUTHENTICATION CODE
Authentication code pcc
050 00 - LIBRARY OF CONGRESS CALL NUMBER
Classification number BR1725.K665
Item number A3 2013
082 00 - DEWEY DECIMAL CLASSIFICATION NUMBER
Classification number B
-- B
Edition information 23
099 ## - LOCAL FREE-TEXT CALL NUMBER (OCLC)
Classification number KOPPH
001 - CONTROL NUMBER
control field data
100 1# - MAIN ENTRY--PERSONAL NAME
Personal name Kopp, Heather Harpham,
Dates associated with a name 1964-
245 10 - TITLE STATEMENT
Title Sober mercies :
Remainder of title how love caught up with a christian drunk /
Statement of responsibility, etc. Heather Harpham Kopp.
260 ## - PUBLICATION, DISTRIBUTION, ETC.
Place of publication, distribution, etc. New York :
Name of publisher, distributor, etc. Jericho Books,
Date of publication, distribution, etc. c2013.
263 ## - PROJECTED PUBLICATION DATE
Projected publication date 1305
300 ## - PHYSICAL DESCRIPTION
Extent p. cm.
505 0# - FORMATTED CONTENTS NOTE
Formatted contents note Waking up in the guest room -- Crisis in Kmart -- Praise God for grapes -- Blackout bottom -- Toasting the truth -- Panic in pueblo -- Shock of sober sex -- Drunks like me -- Proof of life -- Pine sol, sweat and fears -- Big empty -- Not my father's daughter -- Family table -- Shining example -- Drinking at Dave -- Duh -- Empty man-hole -- Pillowcase of grace -- Penance by potatoes -- Weekend from hell -- Treading this miracle -- Here is where we go from here.
600 10 - SUBJECT ADDED ENTRY--PERSONAL NAME
Personal name Kopp, Heather Harpham,
Dates associated with a name 1964-
650 #0 - SUBJECT ADDED ENTRY--TOPICAL TERM
Topical term or geographic name entry element Christian biography.
650 #0 - SUBJECT ADDED ENTRY--TOPICAL TERM
Topical term or geographic name entry element Alcoholics
General subdivision Religious life.
906 ## - LOCAL DATA ELEMENT F, LDF (RLIN)
a 7
b cbc
c orignew
d 1
e ecip
f 20
g y-gencatlg
925 0# -
-- acquire
-- 2 shelf copies
-- policy default
955 ## - COPY-LEVEL INFORMATION (RLIN)
-- rc06 2012-10-09 to Dewey (telework)
-- rd06 2012-10-09
963 ## -
-- Melanie Gold; phone: 212-364-1110; email: [email protected]; bc: [email protected]
Holdings
Withdrawn status Lost status Damaged status Not for loan Home library Current library Shelving location Date acquired Total checkouts Full call number Barcode Date last seen Price effective from Koha item type
        Institut Protestant de Théologie Institut Protestant de Théologie General stacks 22/03/2026   248.8/6292092 B 23 BC0010666 22/03/2026 22/03/2026 Books